000 00947nam a2200265Ia 4500
003 GCL
008 140319s9999 xx 000 0 ara d
020 _a2177710977
040 _aGCL /
_cGCL
082 0 4 _a408.2
_bع ف
100 1 _aعبدالمجيد شكرى
245 1 0 _aفن الترجمة الاعلامية فى وسائل الاتصال الجماهيرى /
_cعبدالمجيد شكرى
250 _aالاولى
260 _aالقاهرة :
_bدار الفكر العربى ،
_c2004
300 _a324 ص ؛
_c24 سم
650 0 4 _aوسائل الاعلام
650 0 4 _aبرامج التليفزيون
650 0 4 _aبرامج الاذاعة
650 0 4 _aعلامات الترقيم
650 0 4 _aاللغة الانجليزية - قواعد
650 0 4 _aالترجمة الاعلامية
650 0 4 _aاللغة الانجليزية - ترجمة
650 0 4 _aالاعلام - ترجمة
942 _2ddc
_cBK
999 _c57285
_d57285